| 000 | 00804nam a22002897a 4500 | ||
|---|---|---|---|
| 005 | 20250819104423.0 | ||
| 008 | 180406b2008 xxu||||| |||| 00| 0 spa d | ||
| 020 | _a9786074816655 | ||
| 041 | _aspa | ||
| 082 | _a338.83 M337f | ||
| 100 |
_aMarín Ximénez, José _946602 |
||
| 100 |
_aKetelhöhn Ecobar,Werner _946603 |
||
| 245 | _aFusiones y adquisiciones en la práctica | ||
| 260 | _aMéxico | ||
| 260 | _bCengage Learning | ||
| 260 | _c2008 | ||
| 300 | _a230 páginas | ||
| 490 | _aDirección y Admiración de Empresas | ||
| 650 | _aFUSIONES Y ADQUISICIONES | ||
| 650 | _aEMPRESAS | ||
| 650 | _aACOPLES ESTRATÉGICOS | ||
| 650 | _aMÉTODOS DE VALORACIÓN | ||
| 650 | _aVALORACIÓN DE EMPRESAS | ||
| 650 | _aNEGOCIACIÓN DE FUSIONES | ||
| 650 | _aTENDENCIAS | ||
| 942 |
_cBK _2ddc |
||
| 999 |
_c10539 _d10539 |
||